Factores diferenciadores de las empresas del índice de responsabilidad español (Record no. 172430)
[ view plain ]
| 000 -CABECERA | |
|---|---|
| campo de control de longitud fija | 02181nab a2200337 a 4500 |
| 005 - FECHA Y HORA DE LA ÚLTIMA TRANSACCIÓN | |
| campo de control | 20210219162232.0 |
| 008 - ELEMENTOS DE LONGITUD FIJA--INFORMACIÓN GENERAL | |
| campo de control de longitud fija | 991125s1985 mx 000 0 spa u |
| 035 ## - NÚMERO DE CONTROL DEL SISTEMA | |
| Número de control de sistema | UPN01000200329 |
| 049 ## - COLECCIÓN | |
| Colección | ART-E |
| 100 1# - ASIENTO PRINCIPAL--NOMBRE PERSONAL | |
| Nombre de persona | Charlo Molina, María José |
| 100 1# - ASIENTO PRINCIPAL--NOMBRE PERSONAL | |
| Filiación | mjcharlo@us.es |
| 100 1# - ASIENTO PRINCIPAL--NOMBRE PERSONAL | |
| Nombre de persona | Moya Clemente, Ismael |
| 100 1# - ASIENTO PRINCIPAL--NOMBRE PERSONAL | |
| Filiación | imoya@esp.upv.es |
| 100 1# - ASIENTO PRINCIPAL--NOMBRE PERSONAL | |
| Nombre de persona | Muñoz Rubio, Ana María |
| 100 1# - ASIENTO PRINCIPAL--NOMBRE PERSONAL | |
| Filiación | amrubio@us.es |
| 222 ## - TÍTULO CLAVE | |
| Título clave | CUADERNOS DE GESTION |
| 245 ## - MENCIÓN DE TÍTULO | |
| Título | Factores diferenciadores de las empresas del índice de responsabilidad español |
| 260 ## - PUBLICACIÓN, DISTRIBUCIÓN, ETC. | |
| Lugar de publicación, distribución, etc. | España |
| 300 ## - DESCRIPCIÓN FÍSICA | |
| Extensión | 2013 |
| 362 0# - FECHAS DE PUBLICACIÓN Y/O DESIGNACIÓN SECUENCIAL | |
| Fecha de publicación y/o designación secuencial | 2013 Vol. 13, no. 2 |
| 336 ## - TIPO DE CONTENIDO | |
| Término de tipo de contenido | texto$2rdacontent |
| 337 ## - TIPO DE MEDIO | |
| Nombre/término del tipo de medio | computadora$2rdamedia |
| 338 ## - TIPO DE SOPORTE | |
| Nombre/término del tipo de soporte | recurso en linea$2rdacarrier |
| 520 3# - NOTA DE RESUMEN, ETC. | |
| Sumario, etc. | Una importante línea de investigación en Responsabilidad Social Corporativa (RSC) se centra en analizar la relación entre el comportamiento financiero (performance financiera) de las compañías y la adopción de prácticas responsables en la gestión empresarial (performance social) con el objetivo de determinar si existe dicha relación y en su caso, el signo de la misma. Los resultados obtenidos en este campo no son concluyentes y en algunos casos contradictorios. Por ello, se ha considerado relevante analizar a través del presente trabajo si existen diferencias en las variables económico-financieras de las empresas que componen el FTSE4Good IBEX frente a las que perteneciendo al IBEX, su índice de referencia, no forman parte del índice responsable. Para ello, se incluye el marco teórico que trata de explicar la naturaleza de la relación entre los resultados sociales y resultados financieros y un estudio empírico con datos referidos al periodo 2007 y 2008. Los resultados obtenidos señalan como aspectos diferenciadores entre ambos grupos de empresas, las variables relacionadas con el riesgo de mercado, así como el endeudamiento y el tamaño. |
| 653 0# - TERMINO DE INDIZACION - NO CONTROLADO | |
| Término no controlado | GESTION EMPRESARIAL |
| 653 0# - TERMINO DE INDIZACION - NO CONTROLADO | |
| Término no controlado | RESPONSABILIDAD SOCIAL |
| 653 0# - TERMINO DE INDIZACION - NO CONTROLADO | |
| Término no controlado | COMPORTAMIENTO ECONOMICO |
| 856 4# - LOCALIZACIÓN Y ACCESO ELECTRÓNICOS | |
| Identificador Uniforme del Recurso | <a href="http://www.ehu.es/cuadernosdegestion/documentos/110296mc.pdf">http://www.ehu.es/cuadernosdegestion/documentos/110296mc.pdf</a> |
| 905 ## - TIPO DE MATERIAL | |
| Tipo de material | Articulo |
No items available.
